| 000 | 01003nam a22002297a 4500 | ||
|---|---|---|---|
| 005 | 20230217072029.0 | ||
| 008 | 230217b |||||||| |||| 00| 0 eng d | ||
| 020 | _a978-971-9931-03-4 | ||
| 082 | _aFil. 639.8 C719 2015 | ||
| 100 |
_aColoso, Relicardo M. _eauthor |
||
| 245 |
_aImportant findings and recommendation on chemical use in aquaculture in Southeast Asia / _cRelicardo M. Coloso, Mae R. Optacutan, Margarita T. Arnaiz |
||
| 260 |
_aIloilo: _bSoutheast Asian Fisheries Development Center, _cc2015. |
||
| 300 | _ax, 34p. | ||
| 541 | _e6358 | ||
| 650 | _aAquaculture industry - Research - Southeast Asia | ||
| 650 | _aAquaculture industry - Government policy - Southeast Asia | ||
| 650 | _aAquaculture industry - Law and legislation - Southeast Asia | ||
| 650 | _aAntibiotics in aquaculture - Research - Southeast Asia | ||
| 650 | _aAntibiotics in aquaculture - Law and legislation - Southeast Asia | ||
| 700 |
_aOptacutan, Mae R. _eauthor |
||
| 700 |
_aArnaiz, Margarita T. _eauthor |
||
| 999 |
_c1280 _d1280 |
||